[Event "SVK-ch U14 Girls"]
[Site "Tatralandia"]
[Date "2024.04.12"]
[Round "9"]
[White "Chmelikova, Julia"]
[Black "Polackova, Eva"]
[Result "0-1"]
[WhiteElo "1444"]
[BlackElo "1626"]
[PlyCount "180"]
[EventDate "2024.04.05"]
[EventType "swiss"]
[EventRounds "9"]
[EventCountry "SVK"]
[SourceTitle "CBM 219 Extra"]
[Source "ChessBase"]
[SourceDate "2024.05.31"]
[SourceVersion "1"]
[SourceVersionDate "2024.05.31"]
[SourceQuality "1"]

1. e4 e5 2. Nf3 Nc6 3. Bc4 Nf6 4. Nc3 Be7 5. d3 0-0 6. 0-0 d6 7. h3 Na5 8. Be3 Nxc4 9. dxc4 c6 10. Qd3 h6 11. Nh4 Ne8 12. Nf5 Bxf5 13. exf5 Qd7 14. f4 exf4 15. Rxf4 b6 16. Raf1 Bg5 17. Rg4 Bxe3+ 18. Qxe3 Kh7 19. Qd3 Nf6 20. Rd4 Rad8 21. Rh4 d5 22. cxd5 Nxd5 23. Nxd5 Qxd5 24. Qxd5 Rxd5 25. Rf2 Rfd8 26. Rc4 c5 27. a3 Rd1+ 28. Kh2 R8d2 29. Rxd2 Rxd2 30. b4 Rd5 31. b5 Rxf5 32. Rc3 Rd5 33. g4 Kg6 34. Kg3 h5 35. Kf3 hxg4+ 36. hxg4 Kg5 37. Re3 Rd7 38. Re5+ Kf6 39. Re3 Rd4 40. Kg3 Rc4 41. Rf3+ Kg6 42. Rd3 Rxc2 43. Rd6+ f6 44. Kh4 Rc3 45. Rc6 Rxa3 46. Rc7 a6 47. bxa6 Rxa6 48. Rc6 c4 49. Rxc4 b5 50. Rb4 Rb6 51. Kg3 Kg5 52. Kf3 g6 53. Kg3 f5 54. Kh3 fxg4+ 55. Rxg4+ Kf5 56. Rb4 Ke5 57. Kg4 Kd5 58. Kf4 Kc5 59. Rb1 b4 60. Ke5 b3 61. Ke4 Kc4 62. Rc1+ Kb4 63. Kd3 b2 64. Rg1 Ka3 65. Kc4 b1Q 66. Rxb1 Rxb1 67. Kd3 g5 68. Ke2 g4 69. Kf2 g3+ 70. Kxg3 Rf1 71. Kg2 Rf8 72. Kg3 Kb4 73. Kg4 Kc5 74. Kg5 Kd6 75. Kg6 Ke6 76. Kg5 Rf6 77. Kg4 Ke5 78. Kg3 Ke4 79. Kg2 Ke3 80. Kg1 Ke2 81. Kh2 Rg6 82. Kh3 Kf3 83. Kh4 Kf4 84. Kh5 Rg4 85. Kh6 Rg5 86. Kh7 Kf5 87. Kh6 Kf6 88. Kh7 Rg6 89. Kh8 Kf7 90. Kh7 Rf6 0-1

[Event "SVK-ch U14 Girls"]
[Site "Tatralandia"]
[Date "2024.04.09"]
[Round "6"]
[White "Spisiakova, Viktoria"]
[Black "Chmelikova, Julia"]
[Result "0-1"]
[WhiteElo "1089"]
[BlackElo "1444"]
[PlyCount "58"]
[EventDate "2024.04.05"]
[EventType "swiss"]
[EventRounds "9"]
[EventCountry "SVK"]
[SourceTitle "CBM 219 Extra"]
[Source "ChessBase"]
[SourceDate "2024.05.31"]
[SourceVersion "1"]
[SourceVersionDate "2024.05.31"]
[SourceQuality "1"]

1. e4 e5 2. f4 d6 3. Nf3 Nc6 4. Bc4 Be7 5. 0-0 Nf6 6. Nc3 0-0 7. d3 b6 8. Ne2 h6 9. c3 d5 10. fxe5 dxc4 11. exf6 Bxf6 12. dxc4 Qe7 13. Ng3 Qc5+ 14. Kh1 Qxc4 15. Qe2 Qxe2 16. Nxe2 Ba6 17. Rf2 Rad8 18. Be3 Rfe8 19. Nfg1 Rxe4 20. Bxh6 Rde8 21. Re1 Bh4 22. g3 Bxg3 23. hxg3 gxh6 24. Rh2 Kg7 25. b4 Bc4 26. a4 Re3 27. b5 Bd5+ 28. Nf3 Bxf3+ 29. Kg1 Bxe2 0-1

[Event "SVK-ch U14 Girls"]
[Site "Tatralandia"]
[Date "2024.04.08"]
[Round "5"]
[White "Chmelikova, Julia"]
[Black "Haasova, Timea"]
[Result "0-1"]
[WhiteElo "1444"]
[BlackElo "1917"]
[PlyCount "114"]
[EventDate "2024.04.05"]
[EventType "swiss"]
[EventRounds "9"]
[EventCountry "SVK"]
[SourceTitle "CBM 219 Extra"]
[Source "ChessBase"]
[SourceDate "2024.05.31"]
[SourceVersion "1"]
[SourceVersionDate "2024.05.31"]
[SourceQuality "1"]

1. e4 c5 2. Nc3 Nc6 3. g3 g6 4. Bg2 Bg7 5. d3 d6 6. Be3 Rb8 7. Rb1 b5 8. f4 Bd7 9. Nf3 Nf6 10. h3 b4 11. Ne2 Qa5 12. 0-0 0-0 13. g4 Ne8 14. f5 Qxa2 15. Qd2 Qa5 16. b3 Nc7 17. Bh6 Nb5 18. fxg6 fxg6 19. Qg5 Qd8 20. Bxg7 Kxg7 21. Ra1 e6 22. Qe3 Qe7 23. d4 cxd4 24. Nexd4 e5 25. Nxb5 Rxb5 26. Rfc1 Rc5 27. c3 bxc3 28. Rxc3 Rxc3 29. Qxc3 Rb8 30. Rb1 Rb4 31. Bf1 Rxe4 32. b4 Qd8 33. b5 Qb6+ 34. Kg2 Re3 35. bxc6 Rxc3 36. Rxb6 Bxc6 37. Ra6 Bxf3+ 38. Kf2 Bc6 39. Rxa7+ Kh6 40. h4 g5 41. hxg5+ Kg6 42. Be2 d5 43. Re7 e4 44. Re6+ Kxg5 45. Re5+ Kf6 46. Rf5+ Kg6 47. Re5 d4 48. Re6+ Kf7 49. Re5 Rc2 50. Ke1 Kf6 51. Rf5+ Kg6 52. Re5 Kg7 53. Bd1 Rh2 54. Rc5 Rh1+ 55. Kd2 e3+ 56. Ke2 Rh2+ 57. Kd3 Rd2+ 0-1

[Event "SVK-ch U14 Girls"]
[Site "Tatralandia"]
[Date "2024.04.07"]
[Round "3"]
[White "Chmelikova, Julia"]
[Black "Durovcova, Simona"]
[Result "1-0"]
[WhiteElo "1444"]
[BlackElo "1000"]
[PlyCount "63"]
[EventDate "2024.04.05"]
[EventType "swiss"]
[EventRounds "9"]
[EventCountry "SVK"]
[SourceTitle "CBM 219 Extra"]
[Source "ChessBase"]
[SourceDate "2024.05.31"]
[SourceVersion "1"]
[SourceVersionDate "2024.05.31"]
[SourceQuality "1"]

1. e4 e5 2. Nf3 Nc6 3. Bc4 Bc5 4. b4 Bxb4 5. c3 Bc5 6. d4 Bd6 7. Ng5 Nh6 8. Qh5 Qf6 9. 0-0 exd4 10. f4 0-0 11. e5 Bxe5 12. fxe5 Qg6 13. Qxg6 hxg6 14. Ba3 d6 15. exd6 Ne5 16. d7 Rd8 17. dxc8Q Raxc8 18. Ne6 Re8 19. Bb3 fxe6 20. cxd4 Nd7 21. Nc3 Kh7 22. Ne4 b6 23. Ng5+ Kh8 24. Bxe6 Rcd8 25. Rf3 Nf8 26. Nf7+ Nxf7 27. Bxf7 Re4 28. Bxf8 Rh4 29. Be7 Rdxd4 30. Bxh4 Rxh4 31. Bxg6 Rh6 32. Rf8# 1-0

[Event "SVK-ch U14 Girls"]
[Site "Tatralandia"]
[Date "2024.04.05"]
[Round "1"]
[White "Morova, Jaroslava"]
[Black "Chmelikova, Julia"]
[Result "1-0"]
[WhiteElo "1649"]
[BlackElo "1444"]
[PlyCount "71"]
[EventDate "2024.04.05"]
[EventType "swiss"]
[EventRounds "9"]
[EventCountry "SVK"]
[SourceTitle "CBM 219 Extra"]
[Source "ChessBase"]
[SourceDate "2024.05.31"]
[SourceVersion "1"]
[SourceVersionDate "2024.05.31"]
[SourceQuality "1"]

1. e4 e5 2. Bc4 Nf6 3. d3 Nc6 4. Be3 d5 5. exd5 Nxd5 6. Nf3 Bg4 7. 0-0 Be7 8. h3 Bh5 9. Nbd2 0-0 10. Ne4 Nd4 11. g4 Nxf3+ 12. Qxf3 Bg6 13. Bxd5 c6 14. Bb3 Kh8 15. Rad1 f5 16. Nc3 Qc7 17. d4 e4 18. Bf4 Qd7 19. Qg3 Rad8 20. d5 Bc5 21. dxc6 Qxc6 22. Bd5 Qb6 23. Bc7 Qxb2 24. Bxd8 Rxd8 25. Na4 Qxc2 26. Bb3 Bxf2+ 27. Qxf2 Qc8 28. Rxd8+ Qxd8 29. gxf5 Bh5 30. f6 e3 31. fxg7+ Kxg7 32. Qg3+ Bg6 33. Qe5+ Kh6 34. Qxe3+ Kg7 35. Nc5 Qc7 36. Ne6+ 1-0

[Event "SVK-ch U12 Girls"]
[Site "Dudince"]
[Date "2023.04.22"]
[Round "8"]
[White "Koscelnikova, Monika"]
[Black "Chmelikova, Julia"]
[Result "1-0"]
[WhiteElo "1279"]
[BlackElo "1064"]
[PlyCount "93"]
[EventDate "2023.04.16"]
[EventType "swiss"]
[EventRounds "9"]
[EventCountry "SVK"]
[SourceTitle "CBM 213 Extra"]
[Source "ChessBase"]
[SourceDate "2023.05.31"]
[SourceVersion "1"]
[SourceVersionDate "2023.05.31"]
[SourceQuality "1"]

1. Nf3 Nf6 2. d4 d5 3. g3 e6 4. Bg2 Bd6 5. b3 0-0 6. Bb2 Nc6 7. 0-0 b6 8. Nbd2 Bb7 9. c4 Re8 10. Qc2 Nb4 11. Qc3 a5 12. Rfe1 c5 13. a3 cxd4 14. Nxd4 e5 15. N4f3 d4 16. Qc1 Nc6 17. e3 Bc5 18. exd4 exd4 19. Rxe8+ Qxe8 20. Qe1 Rb8 21. Kf1 Ba6 22. Ng5 b5 23. Qxe8+ Nxe8 24. Bxc6 Nd6 25. Nge4 Nxe4 26. Nxe4 Ba7 27. c5 f5 28. Nd6 b4+ 29. Kg2 bxa3 30. Bxd4 Rxb3 31. Bd5+ Kf8 32. Bxb3 g6 33. Rxa3 Bb8 34. Rxa5 Bxd6 35. cxd6 Bb7+ 36. Bd5 Bc8 37. Ra8 Ke8 38. Bc6+ Kf7 39. Rxc8 Ke6 40. Rd8 h6 41. d7 Kd6 42. Rc8 f4 43. d8Q+ Ke6 44. Bd5+ Kf5 45. Qd7+ Kg5 46. h4+ Kh5 47. Bf3# 1-0

[Event "SVK-ch U12 Girls"]
[Site "Dudince"]
[Date "2023.04.19"]
[Round "5"]
[White "Stauderova, Alica"]
[Black "Chmelikova, Julia"]
[Result "0-1"]
[WhiteElo "1000"]
[BlackElo "1064"]
[PlyCount "84"]
[EventDate "2023.04.16"]
[EventType "swiss"]
[EventRounds "9"]
[EventCountry "SVK"]
[SourceTitle "CBM 213 Extra"]
[Source "ChessBase"]
[SourceDate "2023.05.31"]
[SourceVersion "1"]
[SourceVersionDate "2023.05.31"]
[SourceQuality "1"]

1. d4 d5 2. c4 e6 3. Nf3 c5 4. e3 Nf6 5. Be2 Be7 6. 0-0 0-0 7. Nc3 Bd7 8. b3 a6 9. Ba3 b6 10. Qb1 Nc6 11. Rc1 cxd4 12. Bb2 dxc3 13. Bxc3 Na7 14. Bd3 b5 15. Bxf6 Bxf6 16. Bxh7+ Kh8 17. Nd4 e5 18. Nf3 e4 19. Nd4 Kxh7 20. f3 Nc6 21. Qc2 Nxd4 22. exd4 Bxd4+ 23. Kh1 Bxa1 24. Rxa1 Rc8 25. fxe4 dxc4 26. e5+ Kg8 27. Qe2 Qc7 28. Rf1 cxb3 29. axb3 Qc1 30. h3 Qc2 31. Qxc2 Rxc2 32. e6 fxe6 33. Rxf8+ Kxf8 34. b4 Bc6 35. Kg1 Bxg2 36. Kh2 Ba8+ 37. Kg1 e5 38. h4 e4 39. h5 e3 40. h6 gxh6 41. Kf1 Bf3 42. Ke1 Rc1# 0-1